000 00774cam a2200157 4500500
005 20260322001658.0
041 _afre
042 _adc
100 1 0 _aLoizillon, Victor
_eauthor
245 0 0 _aGuillaume Piketty (ed.) Sortir de la guerre. Des guerres de religion aux conflits asymétriques. Passés / Composés – Ministère des Armées, 2025, 464 páginas, 25 euros.
260 _c2026.
500 _a42
520 _aEva Jospin nos invita a un viaje hacia lo universal en el arte: la fascinante exploración de sus cuevas, presentada en el Grand Palais, nos invita a buscar las convergencias humanas.
786 0 _nÉtudes | 4334 | 2 | 2026-01-26 | p. 134a-135
856 4 1 _uhttps://shs.cairn.info/revista-etudes-2026-2-page-134a?lang=es&redirect-ssocas=7080
999 _c1716914
_d1716914